000 01031nam0a22002651 4500
001 rc\131901
005 20260405144746.0
010 _a5-7455-0772-1
_91000
035 _a(NLR Aleph) 005406095
090 _a7324212
_c7324212
100 _a20030307d1994 |||y0rusy50 ca
101 0 _arus
102 _aRU
105 _aa |||||||||
200 1 _aОрганизационно-экономический механизм объединения
_eНа прим. науч.-произв. концерна ["Энергия"]
210 _aВоронеж
_cИзд-во Воронеж. ун-та
_d1994
215 _a164, [7] с.
_cил.
_d26
320 _aБиблиогр.: с. 154-159 (161 назв.)
700 1 _8rus
_7ca
_aПопов
_bВ. Н.
_cд-р экон. наук, организация производства
_f1939-2025
_gВладимир Николаевич
_3RU\NLR\AUTH\7760302
_943233
801 0 _aRU
_bNLR
_gpsbo
801 1 _aRU
_bELAR
_2rusmarc
852 _aNLR
_j94-7/734
942 _cBOOK
980 _aNB